000 00444nam a2200157 i 4500
001 75608
003 ES-MaACL
005 20230906172524.0
007 t|
008 040927s1966 sp ||||1| spa d
100 1 _aGual de Torrella, Fernando.
_960286
245 1 0 _aFantasía neurótica /
_cFernando Gual de Torrella.
260 _aMallorca :
_b[s.n.,
_c1966] (
_fMiramar)
300 _a269 p. ;
_c20 cm.
852 _aES-MaACL
_jC-32097
_bR.61334
999 _c75608
_d75608